| 000 | 00874nam a22002777a 4500 | ||
|---|---|---|---|
| 001 | 2195 | ||
| 003 | FISKH | ||
| 005 | 20231108162201.0 | ||
| 008 | 231108b cb ||||| |||| 00| 0 eng d | ||
| 010 | _a 2005700920 | ||
| 020 | _a033500001017 | ||
| 040 |
_aDLC _cDLC _beng |
||
| 050 | _aPZ10.W16 | ||
| 082 | _a741.56 | ||
| 100 | _aSalten, Felix | ||
| 245 | 0 | 0 |
_aWalt Disney's Bambi : _bFriends of the forest / |
| 260 |
_aRacine : _bWestern, _c1975. |
||
| 300 |
_a24 unnumbered pages : _bcolor illustrtions ; _c21 cm |
||
| 505 | _aO | ||
| 520 | _aThough but a handsome fawn, the Prince of the Forest saves little Thumper's life, making the King of the Forest very proud. | ||
| 521 | 8 |
_a600
_bLexile estimate |
|
| 521 | 8 |
_aO
_bRaz-Plus |
|
| 650 |
_2Friends _vJuvenile literature |
||
| 906 |
_a7 _bcbc _corignew _d3 _encip _f20 _gy-soundrec |
||
| 942 |
_2ddc _cBK _n0 |
||
| 999 |
_c2195 _d2195 |
||